SDM en feat - Statistiques

Statistiques générales
  • Ce quiz a été pris 131 fois
  • Le résultat moyen est 11 sur 21
Statistiques - réponses
Projet Titre Artiste % Correct
Ocho (Deluxe) Passat Maes
88%
A la vie A la mort Toka Hamza
85%
Ocho (Deluxe) Daddy Booba
80%
Ocho (Deluxe) Titulaires Koba la D
77%
A la vie A la mort Metallica Werenoi
77%
Lien du 100 Redescends Tiakola
76%
Ocho (Deluxe) Le bruit des applaudissements PLK
68%
A la vie A la mort Affranchis Josman
62%
Lien du 100 Franklin Saint Zed
61%
Lien du 100 Fame Niska
57%
Lien du 100 Franklin Saint Slkrack
54%
Ocho (Deluxe) La zone Booba
51%
Ocho (Deluxe) 92i Booba
50%
A la vie A la mort J'y pense Tiakola
49%
Lien du 100 Nwar sur nwar Green Montana
41%
Ocho (Deluxe) 92i Green Montana
31%
Ocho (Deluxe) Droit de veto Fally Ipupa
26%
A la vie A la mort J'y pense Skread
26%
Ocho (Deluxe) Game Over Bramsito
24%
Ocho (Deluxe) 92i Bilton
14%
Ocho (Deluxe) 92i Sicario
14%
Aucun quiz correspondant
Distribution des résultats
% des personnes avec chaque résultat
Percentile par nombre de réponses
Votre historique - résultats
Vous n’avez pas pris ce quiz